书目信息 |
| 题名: |
艺术史上的七次谈话
|
|
| 作者: | 约书亚·雷诺兹 著 ;庞洵 译 | |
| 分册: | ||
| 出版信息: | 北京 中国人民大学出版社 2004.03 |
|
| 页数: | 222页 | |
| 开本: | 24cm | |
| 丛书名: | ||
| 单 册: | ||
| 中图分类: | J202 | |
| 科图分类: | ||
| 主题词: | 绘画理论 | |
| 电子资源: | ||
| ISBN: | 7-300-05363-7 | |
| 000 | 00818nam0 2200217 450 | |
| 001 | 0433520828 | |
| 005 | 20040616091840.31 | |
| 010 | @a7-300-05363-7@dCNY49.80 | |
| 100 | @a20040616d2004 km y0chiy0120 ea | |
| 101 | 0 | @achi |
| 102 | @aCN@b110000 | |
| 200 | 1 | @a艺术史上的七次谈话@e雷诺兹给予画家如何奠定艺术基础的忠告@Ayi shu shi shang de qi ci tan hua@f(英)约书亚·雷诺兹著@F(ying)yue shu ya·lei nuo zi zhu@g庞洵译@Gpang xun yi |
| 210 | @a北京@c中国人民大学出版社@d2004.03 | |
| 215 | @a222页@c图@d24cm | |
| 517 | 1 | @a雷诺兹给予画家如何奠定艺术基础的忠告@Alei nuo zi gei yu hua jia ru he dian ding yi shu ji chu de zhong gao |
| 606 | 0 | @a绘画理论 |
| 690 | @aJ202@v4 | |
| 701 | 0 | @a约书亚·雷诺兹@Ayue shu ya·lei nuo zi@4著 |
| 702 | 0 | @a庞洵@Apang xun@4译 |
| 801 | 0 | @aCN@bPFT@c20040616 |
| 905 | @aBZT@dJ202@e1@f6 | |
| 艺术史上的七次谈话:雷诺兹给予画家如何奠定艺术基础的忠告/(英)约书亚·雷诺兹著/庞洵译.-北京:中国人民大学出版社,2004.03 |
| 222页:图;24cm |
| ISBN 7-300-05363-7:CNY49.80 |
| ● |
| 相关链接 |
|
|
|
正题名:艺术史上的七次谈话
索取号:J202/1
 
预约/预借
| 序号 | 登录号 | 条形码 | 馆藏地/架位号 | 状态 | 备注 |
| 1 | 2001741457 | 2001741457 | 样本书库/样004架A面4层1列/ [索取号:J202/1] | 在馆 | |
| 2 | 364591 | 230081686 | 中心书库中库/ 中库016架A面6列6层27/ [索取号:J202/1] | 在馆 | |
| 3 | 364592 | 230081685 | 中心书库中库/ 中库016架A面6列6层26/ [索取号:J202/1] | 在馆 | |
| 4 | 364593 | 230081682 | 中心书库中库/ 中库016架B面2列4层9/ [索取号:J202/1] | 在馆 | |
| 5 | 364594 | 230081683 | 中心书库中库/ 中库016架B面2列4层8/ [索取号:J202/1] | 在馆 | |
| 6 | 364595 | 230081684 | 中心书库中库/ 中库017架A面4列5层19/ [索取号:J202/1] | 在馆 |